004710000a22001090004500090001700000245016100017041001400178100003500192942001300227773010400240999001700344 aASbSeriadas10aEvaluación del contenido de nitrógeno y de aminoacidos totales en algunas especies de algas marinas pertenecientes a la región del Magdalena, Colombia0 aEspañol1 aPanizo Durán, Lorenzo999164 cARTICULO1 tRevista de la Academia Colombiana de Ciencias Exactas, Fisicas y Naturales332h55q31-36d1976g14 c14248d14248